Flore de la Polynésie française /

Saved in:
Bibliographic Details
Main Author: Florence, Jacques.
Format: Book
Language:French
Published: [Paris?] : Éditions de l'Orstom, 1997-
Series:Collection Faune et flore tropicales ; 41.
Collection Faune et flore tropicales ; 34.
Subjects:
Tags: Add Tag
No Tags, Be the first to tag this record!
LEADER 01418nam a2200373Ia 4500
001 007748848-2
005 20090713015745.0
008 980309m19979999fr ab b 000 0 fre d
020 |z 2709913866 (éd. complète) 
020 |z 2709913874 (vol. 1) 
020 |a 270991543X (vol. 2; IRD) 
020 |a 2856535682 (vol. 2; MNHN) 
035 0 |a ocm60671531 
035 0 |a ocm38569159 
040 |a SMI  |c SMI  |d BOH 
043 |a pofp--- 
050 0 0 |a QK473.F74  |b F56 1997 
090 |a QK473.P75  |b F56 1997x 
100 1 |a Florence, Jacques. 
245 1 0 |a Flore de la Polynésie française /  |c Jacques Florence. 
260 |a [Paris?] :  |b Éditions de l'Orstom,  |c 1997- 
300 |a v. :  |b ill., maps ;  |c 24 cm. 
490 1 |a Collection, Faune et flore tropicales ;  |v 34, 41 
504 |a Includes bibliographical references. 
505 1 |a v. 1. Cannabaceae, Cecropiaceae, Euphorbiaceae, Moraceae, Piperaceae, Ulmaceae, Urticaceae -- v. 2. Actinidiaceae, etc. 
500 |a <Vol. 2-> published by IRD Éditions and Muséum National d'Histoire Naturelle. 
650 0 |a Plants  |z French Polynesia  |v Identification. 
650 0 |a Plants  |z French Polynesia  |v Classification. 
650 0 |a Plants  |z Polynesia  |v Identification. 
650 0 |a Plants  |z Polynesia  |v Classification. 
830 0 |a Collection Faune et flore tropicales ;  |v 41. 
830 0 |a Collection Faune et flore tropicales ;  |v 34. 
988 |a 20020608 
906 |0 OCLC